Statistics for Vezina Trophy Winners

Click here to take the quiz!

General Stats

  • This quiz has been taken 27,192 times
    (5,089 since last reset)
  • The average score is 17 of 27

Answer Stats

YearsGoalie% Correct
2021Marc-Andre Fleury
92%
2019Andrei Vasilevskiy
90%
2015Carey Price
90%
2003, 2004, 2007, 2008Martin Brodeur
89%
2012Henrik Lundqvist
84%
2022Igor Shesterkin
84%
2014Tuukka Rask
84%
1994, 1995, 1997, 1998, 1999, 2001Dominik Hasek
83%
2018Pekka Rinne
83%
2020Connor Hellebuyck
82%
1989, 1990, 1992Patrick Roy
81%
2009, 2011Tim Thomas
80%
2013, 2017Sergei Bobrovsky
79%
2016Braden Holtby
77%
2010Ryan Miller
63%
1988Grant Fuhr
53%
2006Miikka Kiprusoff
53%
2002Jose Theodore
51%
1987Ron Hextall
48%
1991, 1993Ed Belfour
45%
1982Billy Smith
41%
2000Olaf Kolzig
40%
1996Jim Carey
28%
1986John Vanbiesbrouck
23%
1984Tom Barrasso
22%
1985Pelle Lindbergh
20%
1983Pete Peeters
16%

Score Distribution

Percentile by Number Answered

Percent of People with Each Score

Your Score History

You have not taken this quiz since the last reset